Principles of marketing / (Record no. 3570)

MARC details
000 -LEADER
fixed length control field 00575nam a2200193 ar4500
001 - CONTROL NUMBER
control field 3572
005 - DATE AND TIME OF LATEST TRANSACTION
control field 20221127090754.0
008 - FIXED-LENGTH DATA ELEMENTS--GENERAL INFORMATION
fixed length control field 131008s xxk a 00110|eng d
020 ## - INTERNATIONAL STANDARD BOOK NUMBER
International Standard Book Number 9780273711568(pbk)
082 04 - DEWEY DECIMAL CLASSIFICATION NUMBER
Classification number 658.8
Item number P935 2008
245 00 - TITLE STATEMENT
Title Principles of marketing /
Statement of responsibility, etc. Philip Kotler ...[et al.].
250 ## - EDITION STATEMENT
Edition statement 5th European ed.
260 ## - PUBLICATION, DISTRIBUTION, ETC.
Place of publication, distribution, etc. Harlow, England :
Name of publisher, distributor, etc. FT/Prentice Hall,
Date of publication, distribution, etc. 2008.
300 ## - PHYSICAL DESCRIPTION
Extent xxxv, 1020 p. :
Other physical details ill.(chiefly col.) ;
Dimensions 28 cm.
500 ## - GENERAL NOTE
General note Includes index.
650 #4 - SUBJECT ADDED ENTRY--TOPICAL TERM
Topical term or geographic name entry element Marketing
General subdivision Management.
650 #4 - SUBJECT ADDED ENTRY--TOPICAL TERM
Topical term or geographic name entry element Marketing.
700 0# - ADDED ENTRY--PERSONAL NAME
Personal name Kotler, Philip.
Holdings
Withdrawn status Lost status Source of classification or shelving scheme Damaged status Not for loan Home library Current library Date acquired Total Checkouts Full call number Barcode Date last seen Copy number Price effective from Koha item type
              11/27/2022   658.8 P935 2008 1000000010154 11/27/2022 C1 11/27/2022 Book